| 000 | 01278nam a2200133Ia 4500 | ||
|---|---|---|---|
| 008 | 220620s9999||||xx |||||||||||||| ||und|| | ||
| 020 | _a9783040000000 | ||
| 245 | 0 | _aSensors for Vital Signs Monitoring | |
| 546 | _aEnglish[eng] | ||
| 650 | _acardiopulmonary resuscitation (CPR)||electroencephalogram (EEG)||hemodynamic data||carotid blood flow (CBF)||cerebral circulation||frequency-shift keying radar||cross-correlation||envelope detection||continuous-wave radar||frequency discrimination||vital-signs monitoring||heartbeat accuracy improvement||heartbeat detection||absolute distance measurement||radar signal processing||3D+t modeling||coronary artery||non-rigid registration||cage deformation||4D CT||passenger detection||CW radar||radar feature vector||radar machine learning||wearable sensors||physiology||medical monitoring||vital signs||compensatory reserve||ultra-high resolution||cone-beam computed tomography||low-contrast object||optimal filter||modulation transfer function||noise power spectrum||doppler cardiogram||wavelet transform||denoising||mother wavelet function||decomposition level||signal decomposition||signal-to-noise-ratio | ||
| 700 | _aYang, Jong-Ryul||Hyun, Eugin||Kim, Sun Kwon | ||
| 856 | _uhttps://mdpi.com/books/pdfview/book/4117 | ||
| 942 | _cEB | ||
| 999 |
_c30369 _d30369 |
||